[Event "Koge Xtracon op"]
[Site "Koge"]
[Date "2015.10.17"]
[Round "8"]
[White "Ursta Anghel, Mihai"]
[Black "Jacobsen, Mikkel Manosri"]
[Result "0-1"]
[WhiteElo "1929"]
[BlackElo "2331"]
[PlyCount "44"]
[EventDate "2015.10.12"]
[EventType "swiss"]
[EventRounds "9"]
[EventCountry "DEN"]
[SourceTitle "CBM 168 Extra"]
[Source "ChessBase"]
[SourceDate "2015.10.29"]
[SourceVersion "1"]
[SourceVersionDate "2015.10.29"]
[SourceQuality "1"]

1. e4 c6 2. d4 d5 3. Nc3 dxe4 4. f3 exf3 5. Nxf3 Bg4 6. Bc4 e6 7. h3 Bxf3 8. gxf3 Qh4+ 9. Ke2 Nf6 10. Be3 Nbd7 11. Qd3 Rd8 12. Bf2 Qh5 13. Qe3 Nb6 14. Bb3 g6 15. Rag1 Bh6 16. Qe5 Nbd7 17. Qxh5 Nxh5 18. Be3 Bxe3 19. Kxe3 Ke7 20. Ne4 Ndf6 21. c4 Ng7 22. Nxf6 Nf5+ 0-1

[Event "Koge Xtracon op"]
[Site "Koge"]
[Date "2015.10.12"]
[Round "1"]
[White "Ursta Anghel, Mihai"]
[Black "Kristiansen, Jens"]
[Result "0-1"]
[WhiteElo "1929"]
[BlackElo "2431"]
[PlyCount "60"]
[EventDate "2015.10.12"]
[EventType "swiss"]
[EventRounds "9"]
[EventCountry "DEN"]
[SourceTitle "CBM 168 Extra"]
[Source "ChessBase"]
[SourceDate "2015.10.29"]
[SourceVersion "1"]
[SourceVersionDate "2015.10.29"]
[SourceQuality "1"]

1. e4 g6 2. d4 Bg7 3. Nc3 d6 4. f4 Nf6 5. Nf3 0-0 6. Bc4 Nxe4 7. Nxe4 d5 8. Bd3 dxe4 9. Bxe4 Nd7 10. Ne5 Nf6 11. Bf3 c5 12. Be3 Nd5 13. Bc1 cxd4 14. Qxd4 Be6 15. b3 Qc7 16. Bxd5 Bxd5 17. 0-0 Rad8 18. Qf2 f6 19. Ng4 Be4 20. c4 Bd3 21. Re1 e5 22. fxe5 fxe5 23. Qg3 h5 24. Nf2 Bf5 25. Bb2 Rfe8 26. Re2 Qa5 27. Rae1 Re6 28. Bxe5 Rde8 29. Nd3 Bxd3 30. Bc3 Qc5+ 0-1

[Event "World Amateur-ch"]
[Site "Chalkidiki"]
[Date "2015.04.21"]
[Round "9"]
[White "Ursta Anghel, Mihai"]
[Black "Tolibayev, Timur"]
[Result "0-1"]
[WhiteElo "1939"]
[BlackElo "1756"]
[PlyCount "80"]
[EventDate "2015.04.14"]
[EventType "team-swiss"]
[EventRounds "9"]
[EventCountry "GRE"]
[SourceTitle "CBM 166 Extra"]
[Source "ChessBase"]
[SourceDate "2015.06.18"]
[SourceVersion "1"]
[SourceVersionDate "2015.06.18"]
[SourceQuality "1"]

1. e4 e5 2. Nf3 Nc6 3. d4 exd4 4. Bc4 Nf6 5. 0-0 Nxe4 6. Re1 d5 7. Bxd5 Qxd5 8. Nc3 Qa5 9. Nxe4 Be6 10. Bg5 h6 11. Bh4 Be7 12. Bxe7 Nxe7 13. Qxd4 0-0 14. Nc5 Nc6 15. Qe3 Rfe8 16. Nxe6 Rxe6 17. Qb3 Nd4 18. Qc3 Ne2+ 19. Rxe2 Qxc3 20. bxc3 Rxe2 21. Nd4 Ree8 22. Kf1 Kf8 23. Nb5 Re7 24. Rd1 a6 25. Nd4 g6 26. f4 Rd7 27. Rd3 Rad8 28. Ke2 c5 29. Nf3 f6 30. Nd2 Re8+ 31. Kf3 Rxd3+ 32. cxd3 Ke7 33. Ne4 b6 34. c4 Ke6 35. Nc3 Rd8 36. Ke3 g5 37. Nd5 Rxd5 38. cxd5+ Kxd5 39. fxg5 fxg5 40. g4 b5 0-1

[Event "Koge Xtracon op"]
[Site "Koge"]
[Date "2014.10.15"]
[Round "6"]
[White "Ahlander, Bjorn"]
[Black "Ursta Anghel, Mihai"]
[Result "1-0"]
[WhiteElo "2401"]
[BlackElo "1835"]
[PlyCount "89"]
[EventDate "2014.10.11"]
[EventType "swiss"]
[EventRounds "9"]
[EventCountry "DEN"]
[SourceTitle "EXT 2015"]
[Source "ChessBase"]
[SourceDate "2014.11.20"]
[SourceVersion "1"]
[SourceVersionDate "2014.11.20"]
[SourceQuality "1"]

1. e4 c5 2. Nf3 d6 3. d4 cxd4 4. Nxd4 Nf6 5. Nc3 g6 6. Be3 Bg7 7. f3 Nc6 8. Qd2 0-0 9. Bc4 Bd7 10. 0-0-0 Rc8 11. Bb3 Ne5 12. h4 h5 13. Bg5 Nc4 14. Qe2 Na5 15. Kb1 Nxb3 16. axb3 Rxc3 17. bxc3 Qa5 18. Qd2 Rc8 19. Kb2 Qc7 20. Rhe1 a5 21. Ra1 b5 22. Qd3 b4 23. Bd2 e5 24. Ne2 d5 25. cxb4 Bb5 26. c4 dxc4 27. Qc3 Rd8 28. Rxa5 Rd3 29. Rxb5 Rxc3 30. Nxc3 Bf8 31. Ra1 Qd7 32. Bg5 Nh7 33. bxc4 Nxg5 34. hxg5 Qd2+ 35. Kb3 Qxg2 36. Rb8 Qxg5 37. Raa8 Kg7 38. Rxf8 Qe3 39. Rg8+ Kf6 40. c5 Qxf3 41. c6 h4 42. c7 h3 43. c8Q h2 44. Qd8+ Ke6 45. Ra6# 1-0

[Event "Koge Xtracon op"]
[Site "Koge"]
[Date "2014.10.14"]
[Round "5"]
[White "Ursta Anghel, Mihai"]
[Black "Madsen, Michael Ole"]
[Result "1-0"]
[WhiteElo "1835"]
[BlackElo "2071"]
[PlyCount "51"]
[EventDate "2014.10.11"]
[EventType "swiss"]
[EventRounds "9"]
[EventCountry "DEN"]
[SourceTitle "EXT 2015"]
[Source "ChessBase"]
[SourceDate "2014.11.20"]
[SourceVersion "1"]
[SourceVersionDate "2014.11.20"]
[SourceQuality "1"]

1. e4 c5 2. Nf3 Nc6 3. d4 cxd4 4. Nxd4 g6 5. Nc3 Bg7 6. Be3 Nf6 7. f3 0-0 8. Bc4 a5 9. Qd2 d6 10. 0-0-0 Nxd4 11. Bxd4 Bd7 12. a4 Bc6 13. h4 h5 14. g4 e5 15. Be3 hxg4 16. h5 Nxh5 17. fxg4 Nf4 18. Bxf4 exf4 19. Qxf4 Qf6 20. Qh2 Qg5+ 21. Kb1 Rfd8 22. Qh7+ Kf8 23. Bxf7 Qe5 24. Rhf1 Ke7 25. Qxg6 Rf8 26. Rf5 1-0

[Event "Faxe anniversity"]
[Site "Faxe"]
[Date "2014.04.30"]
[Round "5"]
[White "Ursta Anghel, Mihai"]
[Black "Frederiksen, Uffe"]
[Result "1-0"]
[WhiteElo "1593"]
[BlackElo "1705"]
[PlyCount "69"]
[EventDate "2014.03.26"]
[EventType "swiss"]
[EventRounds "7"]
[EventCountry "DEN"]
[SourceTitle "EXT 2023"]
[Source "ChessBase"]
[SourceDate "2022.10.05"]
[SourceVersion "1"]
[SourceVersionDate "2022.10.05"]
[SourceQuality "1"]

1. e4 c6 2. d4 d5 3. Nc3 dxe4 4. Nxe4 Bf5 5. Ng3 Bg6 6. h4 h6 7. Nf3 Nd7 8. h5 Bh7 9. Bd3 Bxd3 10. Qxd3 Ngf6 11. Bd2 e6 12. 0-0-0 Qc7 13. Rhe1 0-0-0 14. Bc3 Nd5 15. Ne5 Nxe5 16. dxe5 Be7 17. Ne4 Nf6 18. Nd6+ Bxd6 19. exd6 Qd7 20. Bxf6 gxf6 21. Qf3 f5 22. g4 fxg4 23. Qxg4 Rhg8 24. Qd4 b6 25. Qf6 Rg5 26. Qxh6 Rd5 27. Rxd5 cxd5 28. Qg7 Qe8 29. h6 Qh8 30. Rh1 Kd7 31. Qxf7+ Kxd6 32. Qxa7 Kc6 33. Qg7 Qxg7 34. hxg7 Rg8 35. Rg1 1-0

[Event "Faxe anniversity"]
[Site "Faxe"]
[Date "2014.04.23"]
[Round "4"]
[White "Andersen, Bjarne Hjorth"]
[Black "Ursta Anghel, Mihai"]
[Result "1-0"]
[WhiteElo "1884"]
[BlackElo "1593"]
[PlyCount "71"]
[EventDate "2014.03.26"]
[EventType "swiss"]
[EventRounds "7"]
[EventCountry "DEN"]
[SourceTitle "EXT 2023"]
[Source "ChessBase"]
[SourceDate "2022.10.05"]
[SourceVersion "1"]
[SourceVersionDate "2022.10.05"]
[SourceQuality "1"]

1. e4 c5 2. Nf3 d6 3. Bb5+ Bd7 4. Bxd7+ Qxd7 5. 0-0 Nc6 6. d4 cxd4 7. Nxd4 Nf6 8. Nc3 g6 9. f3 Bg7 10. Be3 Rc8 11. Nce2 Ne5 12. b3 d5 13. Bf4 Nh5 14. Bxe5 Bxe5 15. f4 Bg7 16. e5 0-0 17. h3 f5 18. Rc1 b5 19. Qd3 a6 20. c4 dxc4 21. bxc4 Rfd8 22. g3 Kh8 23. cxb5 axb5 24. Rxc8 Rxc8 25. Qxb5 Qxb5 26. Nxb5 Rc2 27. Nbd4 Rd2 28. Rc1 h6 29. Rc2 Rd3 30. Rc3 Rd2 31. a4 Ra2 32. Rc4 g5 33. Kf1 gxf4 34. gxf4 Nxf4 35. Nxf4 Bxe5 36. Ng6+ 1-0